Aapda prabandhan ke aadhar (Record no. 396866)

MARC details
000 -LEADER
fixed length control field 00511 a2200193 4500
005 - DATE & TIME
control field 20260501141652.0
008 - FIXED-LENGTH DATA ELEMENTS--GENERAL INFORMATION
fixed length control field 260501b |||||||| |||| 00| 0 eng d
020 ## - ISBN
International Standard Book Number 9789387253971
Price Rs. 295.00
040 ## - CATALOGING SOURCE
Original cataloging agency VIVEKANANDA LIBRARY
082 ## - DDC NUMBER
Classification number 363.34
Book Number N312A
100 ## - MAIN ENTRY--PERSONAL NAME
Personal name Negi, Pritam Singh
245 ## - TITLE STATEMENT
Title Aapda prabandhan ke aadhar
260 ## - PUBLICATION, DISTRIBUTION, ETC. (IMPRINT)
Place of publication, distribution, etc New Delhi
Name of publisher, distributor, etc Kitab Mahal Publishers
Date of publication, distribution, etc 2021
300 ## - PHYSICAL DESCRIPTION
Pages x, 326
650 ## - Subject
Subject Social Problems
650 ## - Subject
Subject Social Services
650 ## - Subject
Subject Disasters Management
942 ## - ADDED ENTRY ELEMENTS (KOHA)
Koha item type Books
Holdings
Withdrawn status Lost status Source of classification or shelving scheme Damaged status Not for loan Location (home branch) Sublocation or collection (holding branch) Shelving location Date acquired Koha issues (times borrowed) Koha full call number Accession No. Koha date last seen Koha item type
    Dewey Decimal Classification     VIVEKANANDA LIBRARY VIVEKANANDA LIBRARY Geography Department 24/03/2026   363.34 N312A 438859 24/03/2026 Books
    Dewey Decimal Classification     VIVEKANANDA LIBRARY VIVEKANANDA LIBRARY Geography Department 24/03/2026   363.34 N312A 438860 24/03/2026 Books
    Dewey Decimal Classification     VIVEKANANDA LIBRARY VIVEKANANDA LIBRARY Geography Department 24/03/2026   363.34 N312A 438861 24/03/2026 Books
© Designed and Maintained by Vivekananda Library, MDU Rohtak